| 000 | 00584nam a2200181 4500 | ||
|---|---|---|---|
| 001 | 137253 | ||
| 003 | ES-MaACL | ||
| 005 | 20240127063007.0 | ||
| 007 | t| | ||
| 008 | 070214s1967 sp r ||||1| spa d | ||
| 100 | 1 |
_aSampedro, José Luis, _d1917-2013 _9102185 |
|
| 245 | 1 | 0 |
_aLecciones de estructura económica / _cJosé Luis Sampedro, Rafael Martínez Cortiña. |
| 260 |
_aMadrid : _b[s.n.], _c1967 ( _fNuevas Gráf.) |
||
| 300 |
_a2 v. ; _c21 cm. |
||
| 700 | 1 |
_aMartínez Cortiña, Rafael. _977955 |
|
| 852 |
_aES-MaACL _jC-34647-8 _bR.66805 |
||
| 999 |
_c137253 _d137253 |
||